000 00652nam a2200205 a 4500
005 20210223124539.0
008 020122s1990 es r 000 0 spa d
020 _a8486256860
035 _aUPN01000114872
049 _aCG
050 4 _aQA11
_bT3.5
245 1 0 _aTeoría y práctica en educación matemática /
_bed. Salvador Linarez Ciscar.
260 _aSevilla, Esp. :
_bAlfar,
_c1990.
300 _a384 p.
440 0 _aCiencias de la educación ;
_v4
650 4 _aMATEMATICAS -
_xESTUDIO Y ENSEÑANZA -
_zESPAÑA
_912530
650 4 _aMATEMATICAS -
_vPLANES Y PROGRAMAS -
_zESPAÑA
700 1 _aLinarez Ciscar, Salvador,
_eed.
905 _aLibro
999 _c88620
_d88620